| 000 | 01157cad a22002775a 4500 | ||
|---|---|---|---|
| 001 | L155793 | ||
| 008 | 120416e20120217xxkd f s 000 0 eng d | ||
| 035 | _a(Sirsi) u155793 | ||
| 041 | 0 | _aeng | |
| 110 | 2 |
_aRoyal Institution of Chartered Surveyors _bEconomics _95033 |
|
| 245 | 0 | 0 |
_aRICS global real estate weekly _b30 March 2012 _h[electronic resource] |
| 260 |
_aLondon _bRICS _c2012 |
||
| 490 | 0 |
_aRICS Global Real Estate Weekly _v30 March 2012 |
|
| 520 | _aEuro financial conditions to ease in H2 2012, but property sector outlook is still downbeat. US construction shows signs of life. Australian property sector likely to be slowly on the mend. UK construction sector remains under pressure. | ||
| 590 | _aKA | ||
| 650 | 2 | 4 | _aRICS GLOBAL REAL ESTATE WEEKLY |
| 651 | 4 | _aUnited States | |
| 651 | 4 | _aEurope | |
| 651 | 4 | _aAustralia | |
| 651 | 4 | _aUnited Kingdom | |
| 690 |
_aCommercial property _96227 |
||
| 690 |
_aResidential property _96266 |
||
| 690 |
_aConstruction management _96230 |
||
| 856 | 4 | 0 | _uhttps://www.rics.org/site/download_feed.aspx?fileID=11738&fileExtension=PDFzView the report free of charge at www.rics.org |
| 942 | _n0 | ||
| 999 |
_c113828 _d113828 |
||